| 000 | 01647cab a2200217 4500 | ||
|---|---|---|---|
| 001 | ##L134174 | ||
| 008 | 060714n2006 000 0 eng u | ||
| 035 | _a(Sirsi) u134174 | ||
| 041 | 0 | _aeng | |
| 245 | 0 | 0 | _aP & S Amusements Ltd v Valley House Leisure Ltd and Peter Alfred Valentine |
| 260 | _c2006 | ||
| 520 | _a[2006] EWHC 1510 (Ch), 26 June 2006. Concerns an underlease restricting tenant V from purchasing beer from anyone other than a supplier nominated by landlord P, and where competition law was invoked in defence of V's breach of the beer tie covenant. V discovered that P was receiving discount payments on V's beer purchases from the nominated supplier, and so negotiated with the supplier to receive the discount payments instead of P. P then nominated another supplier, but V continued to purchase its beer from the original supplier. A judgment was made in P's favour that V was bound by a beer tie and was in breach of covenant. V raised competition law issues in its defence, saying that the beer tie was invalidated by Competition Act 1998 s2 and s18. "Held": V's case was fundamentally misconceived. An injunction and enquiry as to damages were granted to P. | ||
| 590 | _aIKA180706 | ||
| 650 | 2 | 4 | _aP AND S AMUSEMENTS LTD V VALLEY HOUSE LEISURE LTD AND ANOTHER |
| 650 | 2 | 4 | _aCOMPETITION ACT 1998 S2 |
| 650 | 2 | 4 | _aCOMPETITION ACT 1998 S18 |
| 651 | 4 |
_aEngland and Wales _y1543- |
|
| 690 | _aPROPERTY-COMMERCIAL PROPERTY-LEASEHOLD COMMERCIAL PROPERTY-COMMERCIAL LANDLORD AND TENANT | ||
| 856 | 4 | 0 |
_uhttps://www.bailii.org/ew/cases/EWHC/Ch/2006/1510.html _zView the item free of charge at www.bailii.org... |
| 942 | _n0 | ||
| 999 |
_c77394 _d77394 |
||